| 000 | 00375 a2200145 4500 | ||
|---|---|---|---|
| 001 | 50106 | ||
| 040 | _cAnchieta - Bela Vista | ||
| 100 | _aAnchietinha Itaigara | ||
| 240 | 1 | 0 |
_aHistórias para sonhar, rir e se surpreender... _lpor |
| 245 | 1 | 0 | _aHistórias para sonhar, rir e se surpreender... |
| 300 | _a42 | ||
| 362 | 0 | _a2017 | |
| 650 | 4 | _aLiteratura juvenil | |
| 942 | _cBK | ||
| 999 |
_c50106 _d50106 |
||